| 000 | 00794nam a22002657a 4500 | ||
|---|---|---|---|
| 001 | 0074 | ||
| 003 | DO-SdBNP | ||
| 005 | 20180208090550.0 | ||
| 007 | 0074 | ||
| 008 | 151020b sp 1964 xxu||||| |||| 00| 0 spa d | ||
| 040 |
_aBPMSU _bspa _cBPMSU |
||
| 100 | 1 | 0 | _aBlyton, Enid |
| 240 |
_aForm at Malory Towers _lEspañol |
||
| 245 | 1 |
_aDos grado en torres de malory / _cEnid Blyton ; traducción C. Peraire del Molino ; ilustración Stanley Lloyd |
|
| 246 | 1 | 0 | _a2° grado en torres de malory |
| 260 |
_aBarcelona: _bMolino, _c1964 |
||
| 300 |
_a176 p. : _bil., _c20 cm. |
||
| 490 | 1 |
_aAventura _v50 |
|
| 700 | 1 | 0 |
_aPeraire del Molino, C _etr. |
| 700 | 1 | 0 |
_aLloyd, Stanley, _eil. |
| 830 | 0 | 0 |
_aAventura _n50 |
| 942 |
_2ddc _cBK |
||
| 945 | _aInventariado, 2018/MFF | ||
| 956 | _aBrenda Tavárez | ||
| 999 |
_c8407 _d8407 |
||